000 00634nam a2200241Ia 4500
003 OSt
005 20221005062512.0
006 a|||||r|||| 00| 0
007 ta
008 221004b |||||||| |||| 00| 0 eng d
024 _a60801
037 _cTextual
040 _aCRL
_cCRL
_beng
041 _2eng
_aeng
082 _aU433, M1
100 _aStave Bruce M Ed.
_9412172
245 0 _aModern industrial cities; History, policy and survival
260 _aLondon
_bSage
_c1981
300 _a307p.
_ccm.
650 _aGEOGRAPHY
942 _hU433, M1
_cTEXL
_2cc
999 _c969805
_d969805